Algebraic foundations of non-commutative differential geometry and quantum groups

Αποθηκεύτηκε σε:
Λεπτομέρειες βιβλιογραφικής εγγραφής
Κύριος συγγραφέας: Pittner, Ludwig
Μορφή: Βιβλίο
Γλώσσα:English
Δημοσίευση: New York : Springer, 1995
Σειρά:Lecture notes in physics. Monographs ; ; m39; New series m
Θέματα:
Ετικέτες: Προσθήκη ετικέτας
Δεν υπάρχουν, Καταχωρήστε ετικέτα πρώτοι!

MARC

LEADER 00000nam a2200000 i 4500
001 1/73922
008 990324s1995 eng d
020 |a 3540605878 
035 |l 10048930 
040 |a GR-MY-UA  |b gre  |e aacr 
041 0 |a eng 
082 0 |a 530.15255 
100 1 |a Pittner, Ludwig. 
245 1 0 |a Algebraic foundations of non-commutative differential geometry and quantum groups /  |c Ludwig Pittner 
260 |a New York :   |b Springer,   |c 1995 
300 |a xii, 469 p.;  |b ill.;  |c 24 cm. 
490 1 |a Lecture notes in physics. New series m, Monographs  |v ; m39 
500 |a Includes bibliographical references and index 
650 0 0 |a Geometry, Differential. 
650 0 0 |a Noncommutative algebras. 
650 0 0 |a Quantum groups. 
650 0 0 |a Mathematical physics. 
830 0 |a Lecture notes in physics. Monographs ;  |v ; m39; New series m 
852 |a INST  |b SAMOS  |e 19990324  |h 530.15255 PIT  |p 005300014779  |q 005300014779  |t BK  |y 0 
901 |a BIBL-1999-1 
909 |a Σ  |b 064506 
922 |a 3ΕΛΗ  |b 199902  |c ΚΠΣ  |d GLORY